000 00436nam a2200181Ia 4500
001 10308
005 20260306161822.0
008 260306t1995||||xx |||||||||||||| ||spa||
041 _aESP
082 _a918
_bR68 1995
100 _aDe la Riva Agüero y Osma, José
_eAUT
245 0 _aPaisajes peruanos
260 _c1995
300 _axcii, 274 páginas :
_c20 cm.
650 _aGEN
654 _aCHU
942 _cLIB
_dJUS
_fJUS
_2ddc
_n
999 _c10308
_d10308